000 01888cam a22005414i 4500
003 PE-LiUPU
005 20250731180114.0
008 180521s2008 sp a r0 000 0 spa d
020 _a9788497325417
035 _a(Sirsi) a242065
040 _aPE-LiUPU
_bspa
_cPE-LiUPU
_erda
049 _aPRUA
082 0 4 _a540
_bD88
_221
100 1 _aDomínguez Reboiras, Miguel Ángel,
_eautor.
245 1 0 _aProblemas resueltos de química :
_bla ciencia básica /
_cMiguel A. Domínguez Reboiras.
264 1 _aMadrid :
_bParaninfo,lc2008.
300 _a529 páginas :
_bilustraciones ;
_c27 centímetros.
336 _atext
_2rdacontent
337 _aunmediated
_2rdamedia
490 0 _aPaso a paso
338 _avolume
_2rdacarrier
504 _aÍndice : páginas 527-529.
505 0 _aLa materia, sus propiedades y medida -- átomos y elementos -- los compuestos químicos -- reacciones químicas -- introducción al estudio de las reacciones en disolución acusa -- gases -- termoquímica -- estructura electrónica de los átomos -- propiedades periódicas.
526 _aSEG44
526 _aSEG26
526 _aP159
526 _aP155
526 _aP154
526 _aP153
526 _aP150
526 _aP100
526 _aP31
526 _aP30
526 _aP26
526 _aP25
526 _aP24
526 _aP22
526 _aP15
526 _aP10
541 _g002-00000050;
650 4 _aQuímica
_xProblemas.
650 4 _aChemistry
910 _admb
_bkslcksl
_d20180521
942 _2ddc
_cBOOK
994 _aC0
_bPEPRU
596 _a1
999 _a540 D88
_wLC
_c27573
_i78495
_d27573
_e2022-5-24
_f2021-11-5
_g4
_lCCODEBUL1
_mBUL
_n4
_p53.31
_q2
_r0
_sY
_tBOOK
_u2018-5-22
_xBIBLIOTECA
_PP24
_0COMPRA
_o.STAFF. Colección Ingeniería y Arquitectura
980 _81
_gALBERTO SANCHEZ Responsable de Automatización